000 00481nam a2200181Ia 4500
005 20221220092213.0
008 131103s9999 xx 000 0 und d
040 _aLoreto College
041 _aEnglish
082 _a813.52
_bFAU
100 _aFaulkner,William
245 _aGo down,Moses
_cWilliam Faulkner
260 _aHarmondsworth
_bPenguin Books
_c1960 (1967 printing)
300 _a288 p.
650 _aAmerican Fiction - Collections
850 _aLCLIB
942 _cBK
999 _c11872
_d62351